MCTS self-paced training kit (exam 70-643) : configuring windows server 2008 applications infrastructure

Bibliographic Details
Main Author: Mackin, J.c
Other Authors: Desai, Anil
Format: Book
Language:English
Published: Washington : Microsoft , 2008
Subjects:

MARC

LEADER 00000cam a2200000 7i4500
001 0000019272
005 20090207.0
008 090206 waua eng
020 |a 9780735625112 
040 |a INS 
090 0 0 |a QA76.3   |b M33 2008 
100 1 |a Mackin, J.c 
245 1 0 |a MCTS self-paced training kit (exam 70-643) :   |b configuring windows server 2008 applications infrastructure   |c J.C Mackin and Anil Desai 
260 |a Washington :   |b Microsoft ,   |c 2008 
300 |a xxxiv, 673p. :   |b ill. ;   |c 24cm.   |e + CD 
650 0 |a Electronic data processing personnel   |x Certification 
650 0 |a Microsoft softwares   |x Examinations   |v Study guides 
650 0 |a Microsoft windows server 
700 1 |a Desai, Anil 
999 |a 0000020470   |b BOOK   |c Open Shelf   |e Default branch